zpět

Detail výsledku týmu

R.A.M., Jablonec nad Nisou

Datum a čas kvízu

30.5 Celkem bodů Celkový počet nahraných bodů na tomto kvízu bez doplňovacích otázek.
12. Pořadí na kvízu Konečné umístění týmu na tomto kvízu.

Zaznamenané odpovědi

# Otázka Odpověď Body Výsledky
1. Minulou neděli dopoledne dosed... 1
2. Její královská Výsost vévodkyn... 1
3. Ve zlínském obchodním a zábavn... 0
4. Po deseti letech končí udílení... 1
5. Velká fotbalová legenda se sta... 1
6. Dědictví aneb Kurvahošigutntag... 1
7. V Brně na ulici Česká se natáč... 1
8. Kterou značku cigaret má Bohuš... 0
9. Kterou polévku si objednal prá... 1
10. Pták, kterého Bohuš koupil Ire... 1